| 000 | 03560nam a2200229Ia 4500 | ||
|---|---|---|---|
| 003 | Ost | ||
| 005 | 20260507075335.0 | ||
| 008 | 260507s9999||||xx |||||||||||||| ||und|| | ||
| 040 | _cfsecg | ||
| 041 | _aara | ||
| 082 | _a330 | ||
| 100 |
_aعبد المجيد، أسعد _eمؤلف |
||
| 245 | 0 |
_aالعولمة و أبعادها الاقتصادية / _c أسعد عبد المجيد |
|
| 260 |
_aعمان: _bمكتبة المجتمع العربي, _c2011 |
||
| 300 |
_a727 صفحة؛ _bإيضاحات ؛ _c25 سم |
||
| 520 | _aالعولمة و أثرها على اقتصاديات الدول العربية في ظل التكتلات الراهنة ، آثار العولمة على الاقتصاديات العربية و اهمية التكامل الاقتصادي في مواجهة آثارها السلبية ، العولمة و امكانيات اندماج البلدان العربية في الاقتصاد العالمي ، البعد الاقتصادي للعولمة و مدى امكانيات انخراط الدول العربية في الحداثة التكنولوجية ، الاستثمار الاجنبي المباشر و آثاره على الدول النامية في ظل البيئة الدولية الجديدة ، التوقعات المحتملة للعولمة على القطاع المصرفي لدولة الكويت ، تحديات العولمة و خيارات الاستجابة : تحليل اتجاهات التحرر المالي اتجاه الاستثمارات الأجنبية ، التمويل الدولي في ظل الاتجاه نحو العولمة ، دور المصارف الاسلامية في الحد من الآثار اللبية للعولمة ، التكامل الاقليمي الاقتصادي العربي و تحديات العولمة ، الوحدة الاقتصادية المغاربية ضرورة مستعجلة أمام العولمة ، التعاون الاقتصادي العربي في ميدان التجارة و آفاق تطوره في ظل العولمة ، مفهوم و أسباب و آثار العولمة على التجارة الخارجية للدول العربية ، العولمة و تأثيرها على المعايير المحاسبية الدولية و انعكاساتها على التطبيقات المحاسبية في الدول النامية ، قياس الادراك لمعيار رسملة تكاليف الاقتراض و مدى تطبيقه في الشركات الصناعية المساهمة العامة الاردنية، استراتيجية التفاوض مع منظمة التجارة العالمية ، العولمة المسؤولية الكونية و التعاون الاقتصادي العربي و الاسلامي في ظل العولمة ، الخصخصة في ظل متطلبات العولمة ، الآثار الاقتصادية للخصخصة في ظل الولمة مع اشارة الى ترجمة الأردن ، العولمة و انعكاساتها على عملية التنمية في الدول العربية ، السوق العربية المشتركة و التحديات الراهنة ، فجوة العلم و التقانة في مواجهة العولمة و النشاط الإئتماني العربي بين تداعيات الماضي و بعض تحديات المستقبل | ||
| 653 | _aالاستثمار | ||
| 653 | _aالاقتصاد الدولي | ||
| 653 | _aالعولمة | ||
| 700 |
_aالوادي، محمود حسن وأخرون _eمؤلف ثانوي |
||
| 942 | _cكتاب | ||
| 999 |
_c44039 _d44039 |
||